Молчание слова (Запись № 12420140)

Подробности
000 -МАРКЕР
контрольное поле 02987nam0a2200445 4500
001 - ИДЕНТИФИКАТОР ЗАПИСИ
контрольное поле RU\NLR\BIBL_A\012848716
005 - ИДЕНТИФИКАТОР ВЕРСИИ
контрольное поле 20220818163409.0
010 ## - МЕЖДУНАРОДНЫЙ СТАНДАРТНЫЙ НОМЕР КНИГИ (ISBN)
Номер (ISBN) 978-5-904099-38-1
Тираж 700
021 ## - НОМЕР ГОСУДАРСТВЕННОЙ РЕГИСТРАЦИИ
Код страны Российская Федерация
Номер КН-П-22-027109
Номер Листа государственной регистраци КН-П-22-2325
035 ## - ДРУГИЕ СИСТЕМНЫЕ НОМЕРА
Идентификатор записи (NLR Aleph) 012848716
035 ## - ДРУГИЕ СИСТЕМНЫЕ НОМЕРА
Идентификатор записи (RuMoRGB)011056494
100 ## - ДАННЫЕ ОБЩЕЙ ОБРАБОТКИ
Данные общей обработки 20220715d2022 u y0rusy50 ca
101 1# - ЯЗЫК РЕСУРСА
Язык текста, звукозаписи и т.д. русский
Язык оригинала немецкий
102 ## - СТРАНА ПУБЛИКАЦИИ ИЛИ ПРОИЗВОДСТВА
Страна публикации Российская Федерация
105 ## - ПОЛЕ КОДИРОВАННЫХ ДАННЫХ: ТЕКСТОВЫЕ МАТЕРИАЛЫ, МОНОГРАФИЧЕСКИЕ
Кодированные данные о монографическом текстовом документе ac w 010zy
181 #0 - ПОЛЕ КОДИРОВАННЫХ ДАННЫХ: ВИД СОДЕРЖАНИЯ
Код вида содержания (ISBD) i3
Код характеристики содержания (ISBD) axxe
182 #0 - ПОЛЕ КОДИРОВАННЫХ ДАННЫХ: ТИП СРЕДСТВА
Код типа средства (ISBD) n - непосредственное
200 1# - ЗАГЛАВИЕ И СВЕДЕНИЯ ОБ ОТВЕТСТВЕННОСТИ
Основное заглавие Молчание слова
Сведения, относящиеся к заглавию путь Дюрера, пройденный с Иеронимом
-- лекция к 500-летию Дюрера, Нюрнберг, 1971
Первые сведения об ответственности Ханс Урс фон Бальтазар
Последующие сведения об ответственности перевод [с немецкого] Александра Ярина
203 ## - ВИД СОДЕРЖАНИЯ И ТИП СРЕДСТВА
Вид содержания Текст
Дополнительные сведения об издании визуальный
Тип средства непосредственный
210 ## - ПУБЛИКАЦИЯ, РАСПРОСТРАНЕНИЕ И ДР.
Место издания, распространения и т.д. Москва
Имя издателя, распространителя и т. д. Grundrisse
Дата издания, распространения и т.д. 2022
215 ## - ФИЗИЧЕСКАЯ ХАРАКТЕРИСТИКА
Специфическое обозначение материала и объем 78, [1] с.
Другие сведения о физической характеристике ил., портр.
Размеры 20
300 ## - ОБЩИЕ ПРИМЕЧАНИЯ
Текст примечания Пер. изд.: Die Stille des Wortes / Hans Urs von Balthasar. Freiburg, 1979
320 ## - ПРИМЕЧАНИЯ О НАЛИЧИИ В ДОКУМЕНТЕ БИБЛИОГРАФИИ / УКАЗАТЕЛЯ
Текст примечания Библиогр.: с. 71-72 (20 назв.)
320 ## - ПРИМЕЧАНИЯ О НАЛИЧИИ В ДОКУМЕНТЕ БИБЛИОГРАФИИ / УКАЗАТЕЛЯ
Текст примечания Указ. имён: с. 73-75
330 ## - РЕЗЮМЕ ИЛИ РЕФЕРАТ
Текст примечания Основу текста швейцарского богослова Ханса Урса фон Бальтазара (19051988) об образе св. Иеронима Стридонского, каким его понял и воплотил Альбрехт Дюрер, составляет лекция, прочитанная автором к 500-летию художника (Нюрнберг, 1971). Бальтазар с позиции христианского мыслителя и искусствоведа исследует, как эволюционирует у Дюрера восприятие жизненного и теологического подвига великого филолога, создателя канонического латинского текста Библии
454 #0 - ОРИГИНАЛ (ПЕРЕВОДА)
Встроенное поле 2001#$aDie Stille des Wortes$fHans Urs von Balthasar
-- 210##$aFreiburg$d1979
-- 700#1$aBalthasar$bH. U. von$f1905-1988$gHans Urs von$3RU\NLR\AUTH\7753325
Заглавие Die Stille des Wortes
Автор Balthasar, Hans Urs von (1905-1988)
606 1# - НАИМЕНОВАНИЕ ТЕМЫ КАК ПРЕДМЕТ
Наименование темы Богословие католическое
Системный номер авторитетной/нормативной записи 994195
Идентификатор авторитетной/нормативной записи RU\NLR\AUTH\6658175
675 ## - УНИВЕРСАЛЬНАЯ ДЕСЯТИЧНАЯ КЛАССИФИКАЦИЯ (UDC/УДК)
Индекс 75.071.1(430)
Издание 4
686 2# - ИНДЕКСЫ ДРУГИХ КЛАССИФИКАЦИЙ
Индекс Э375-4
700 #1 - ИМЯ ЛИЦА - ПЕРВИЧНАЯ ОТВЕТСТВЕННОСТЬ
Графика поля Кириллица
Материалы, к которым относится поле rus
Начальный элемент ввода Бальтазар
Часть имени, кроме начального элемента ввода Х. У. фон
Даты 1905-1988
Расширение инициалов личного имени Ханс Урс фон
Системный номер авторитетной/нормативной записи 36249
Идентификатор авторитетной/нормативной записи RU\NLR\AUTH\7753317
702 #0 - ИМЯ ЛИЦА - ВТОРИЧНАЯ ОТВЕТСТВЕННОСТЬ
Код отношения Объект посвящения
Графика поля Кириллица
Материалы, к которым относится поле rus
Начальный элемент ввода Иероним Блаженный
Даты ок.340-420
Системный номер авторитетной/нормативной записи 119083
Идентификатор авторитетной/нормативной записи RU\NLR\AUTH\779243
702 #1 - ИМЯ ЛИЦА - ВТОРИЧНАЯ ОТВЕТСТВЕННОСТЬ
Код отношения Объект посвящения
Графика поля Кириллица
Материалы, к которым относится поле rus
Начальный элемент ввода Дюрер
Часть имени, кроме начального элемента ввода А.
Даты 1471-1528
Расширение инициалов личного имени Альбрехт
Системный номер авторитетной/нормативной записи 86017
Идентификатор авторитетной/нормативной записи RU\NLR\AUTH\77103091
942 ## - ДОПОЛНИТЕЛЬНЫЕ ЭЛЕМЕНТЫ ЗАПИСИ (АБИС)
Тип экземпляра АБИС Книга
980 ## - КОЛЛЕКЦИЯ
Название коллекции Национальная библиография
Экземпляры
Тип экземпляра Дата поступления Источник поступления Стоимость Библиотека постоянного хранения Библиотека текущего хранения Место хранения Шифр хранения Штрих-код Статус экземпляра
Книга 15.07.2022 Обязательный экземпляр 0.00 РНБ (Московский) РНБ (Московский) Русский книжный фонд: издания с 1957 года 2022-4/6375 1-3825182  
Книга 15.07.2022 Обязательный экземпляр 0.00 РНБ (Московский) РНБ (Московский) Русский книжный фонд: издания с 1957 года 2022-4/6375 1-3825181